000 00281nam a22001337a 4500
008 170912b xxu||||| |||| 00| 0 eng d
020 _a9780471320005
041 _aeng
080 _26TH
_a53
100 _a43
101 _aFIZ
245 _aPHYSICS
_cHALLIDAY,D
942 _2udc
_cBK
999 _c27254
_d27254